Gminy województwa małopolskiego na mapie - Statystyki

Ogólne statystyki
  • Ten quiz został rozwiązany 1 353 razy
  • Średni wynik to 76 z 183
Odpowiedzi na mapie
Odpowiedzi zakodowano w zielono-czerwonej skali na mapie do tego quizu, zgodnie z poniższymi procentami.
 
Statystyki odpowiedzi
Powiat Typ gminy Gmina % Poprawnych
miasta na prawach powiatu miejska m. Kraków
96%
tatrzański miejska Zakopane
92%
miasta na prawach powiatu miejska m. Nowy Sącz
91%
miasta na prawach powiatu miejska m. Tarnów
90%
nowotarski miejska | wiejska Nowy Targ
89%
bocheński miejska | wiejska Bochnia
87%
wielicki miejsko-wiejska Wieliczka
87%
limanowski miejska | wiejska Limanowa
85%
tarnowski wiejska Tarnów
85%
gorlicki miejska | wiejska Gorlice
84%
myślenicki miejsko-wiejska Myślenice
83%
oświęcimski miejska | wiejska Oświęcim
83%
wadowicki miejsko-wiejska Wadowice
83%
olkuski miejsko-wiejska Olkusz
82%
chrzanowski miejsko-wiejska Chrzanów
80%
miechowski miejsko-wiejska Miechów
80%
brzeski miejsko-wiejska Brzesko
79%
proszowicki miejsko-wiejska Proszowice
76%
krakowski miejsko-wiejska Skawina
74%
nowosądecki miejsko-wiejska Stary Sącz
74%
wielicki miejsko-wiejska Niepołomice
73%
suski miejska Sucha Beskidzka
73%
nowosądecki miejsko-wiejska Krynica-Zdrój
72%
dąbrowski miejsko-wiejska Dąbrowa Tarnowska
71%
wadowicki miejsko-wiejska Andrychów
68%
nowosądecki miejsko-wiejska Muszyna
67%
nowotarski miejsko-wiejska Szczawnica
67%
nowotarski miejsko-wiejska Rabka-Zdrój
66%
nowotarski miejsko-wiejska Czarny Dunajec
65%
nowosądecki miejsko-wiejska Piwniczna-Zdrój
65%
oświęcimski miejsko-wiejska Zator
65%
wadowicki miejsko-wiejska Kalwaria Zebrzydowska
63%
tatrzański wiejska Poronin
63%
suski miejsko-wiejska Maków Podhalański
62%
tatrzański wiejska Bukowina Tatrzańska
60%
limanowski miejska | wiejska Mszana Dolna
60%
chrzanowski miejsko-wiejska Alwernia
59%
chrzanowski miejsko-wiejska Trzebinia
59%
nowosądecki miejska | wiejska Grybów
58%
suski miejska | wiejska Jordanów
58%
krakowski miejsko-wiejska Krzeszowice
58%
tatrzański wiejska Biały Dunajec
56%
oświęcimski miejsko-wiejska Kęty
55%
tatrzański wiejska Kościelisko
54%
krakowski miejsko-wiejska Skała
54%
olkuski miejsko-wiejska Wolbrom
54%
proszowicki miejsko-wiejska Nowe Brzesko
52%
myślenicki wiejska Pcim
52%
tarnowski miejsko-wiejska Żabno
51%
myślenicki miejsko-wiejska Dobczyce
50%
nowotarski wiejska Krościenko nad Dunajcem
50%
bocheński miejsko-wiejska Nowy Wiśnicz
50%
krakowski miejsko-wiejska Słomniki
50%
gorlicki miejsko-wiejska Biecz
49%
chrzanowski miejsko-wiejska Libiąż
49%
brzeski miejsko-wiejska Czchów
48%
proszowicki miejsko-wiejska Koszyce
48%
krakowski miejsko-wiejska Świątniki Górne
48%
gorlicki miejsko-wiejska Bobowa
47%
wielicki wiejska Gdów
47%
dąbrowski miejsko-wiejska Szczucin
46%
tarnowski miejsko-wiejska Tuchów
46%
limanowski wiejska Tymbark
46%
tarnowski miejsko-wiejska Ciężkowice
45%
miechowski miejsko-wiejska Książ Wielki
45%
tarnowski miejsko-wiejska Wojnicz
45%
oświęcimski miejsko-wiejska Brzeszcze
44%
krakowski wiejska Zielonki
44%
nowotarski wiejska Czorsztyn
43%
krakowski wiejska Mogilany
43%
myślenicki miejsko-wiejska Sułkowice
43%
olkuski miejska Bukowno
42%
nowotarski wiejska Jabłonka
42%
nowotarski wiejska Szaflary
42%
krakowski wiejska Zabierzów
42%
tarnowski miejsko-wiejska Zakliczyn
42%
wielicki wiejska Kłaj
41%
suski wiejska Zawoja
40%
oświęcimski miejsko-wiejska Chełmek
39%
wadowicki wiejska Lanckorona
35%
krakowski wiejska Liszki
35%
myślenicki wiejska Lubień
35%
tarnowski miejsko-wiejska Ryglice
35%
nowosądecki wiejska Łącko
34%
tarnowski miejsko-wiejska Radłów
34%
nowosądecki wiejska Rytro
34%
krakowski wiejska Michałowice
33%
nowotarski wiejska Raba Wyżna
33%
gorlicki wiejska Uście Gorlickie
33%
limanowski wiejska Dobra
32%
limanowski wiejska Kamienica
32%
gorlicki wiejska Ropa
32%
dąbrowski | olkuski wiejska Bolesław
31%
nowosądecki wiejska Gródek nad Dunajcem
31%
olkuski wiejska Klucze
31%
nowotarski | wadowicki wiejska Spytkowice
31%
krakowski wiejska Igołomia-Wawrzeńczyce
30%
limanowski wiejska Niedźwiedź
30%
nowotarski wiejska Ochotnica Dolna
30%
bocheński wiejska Lipnica Murowana
29%
nowosądecki wiejska Chełmiec
28%
brzeski wiejska Gnojnik
28%
myślenicki wiejska Siepraw
28%
krakowski wiejska Czernichów
27%
krakowski wiejska Kocmyrzów-Luborzyca
27%
miechowski wiejska Kozłów
27%
nowotarski wiejska Lipnica Wielka
27%
nowosądecki wiejska Łososina Dolna
27%
tarnowski wiejska Gromnik
26%
krakowski wiejska Sułoszowa
26%
brzeski wiejska Szczurowa
26%
krakowski wiejska Wielka Wieś
26%
chrzanowski wiejska Babice
25%
wielicki wiejska Biskupice
25%
bocheński wiejska Łapanów
25%
nowotarski wiejska Łapsze Niżne
25%
tarnowski wiejska Lisia Góra
25%
myślenicki wiejska Tokarnia
24%
myślenicki wiejska Wiśniowa
24%
krakowski wiejska Jerzmanowice-Przeginia
23%
oświęcimski wiejska Osiek
23%
tarnowski wiejska Wierzchosławice
23%
bocheński wiejska Żegocina
23%
krakowski wiejska Iwanowice
22%
nowosądecki wiejska Nawojowa
22%
dąbrowski wiejska Olesno
22%
brzeski wiejska Dębno
21%
nowosądecki wiejska Łabowa
21%
limanowski wiejska Laskowa
21%
miechowski wiejska Racławice
21%
bocheński wiejska Rzezawa
21%
limanowski wiejska Szczawa
21%
tarnowski wiejska Szerzyny
21%
suski wiejska Zembrzyce
21%
brzeski wiejska Iwkowa
20%
wadowicki wiejska Mucharz
20%
tarnowski wiejska Pleśna
20%
nowosądecki wiejska Podegrodzie
20%
tarnowski wiejska Wietrzychowice
20%
miechowski wiejska Charsznica
19%
limanowski wiejska Jodłownik
19%
nowosądecki wiejska Kamionka Wielka
19%
tarnowski wiejska Rzepiennik Strzyżewski
19%
gorlicki wiejska Sękowa
19%
tarnowski wiejska Skrzyszów
19%
bocheński wiejska Trzciana
19%
wadowicki wiejska Wieprz
19%
wadowicki wiejska Brzeźnica
18%
nowosądecki wiejska Korzenna
18%
limanowski wiejska Słopnice
18%
olkuski wiejska Trzyciąż
18%
brzeski wiejska Borzęcin
17%
bocheński wiejska Drwinia
17%
limanowski wiejska Łukowica
17%
gorlicki wiejska Moszczenica
17%
oświęcimski wiejska Przeciszów
17%
myślenicki wiejska Raciechowice
17%
dąbrowski wiejska Radgoszcz
17%
suski wiejska Stryszawa
17%
wadowicki wiejska Tomice
17%
gorlicki wiejska Lipinki
16%
suski wiejska Bystra-Sidzina
15%
gorlicki wiejska Łużna
15%
suski wiejska Budzów
14%
proszowicki wiejska Koniusza
14%
oświęcimski wiejska Polanka Wielka
14%
wadowicki wiejska Stryszów
14%
miechowski wiejska Gołcza
13%
dąbrowski wiejska Gręboszów
13%
dąbrowski wiejska Mędrzechów
13%
proszowicki wiejska Pałecznica
11%
miechowski wiejska Słaboszów
11%
proszowicki wiejska Radziemice
10%
Nie znaleziono quizów pasujących do podanych kryteriów
Rozkład punktacji
Procent ludzi z każdym wynikiem
Percentyl według liczby udzielonych odpowiedzi
Twoja historia wyników
Nie rozwiązałeś tego quizu